| 000 | 01667nam a2200349 a 4500 | ||
|---|---|---|---|
| 001 | 00003841 | ||
| 003 | DO-SdBNP | ||
| 005 | 20160523122400.0 | ||
| 007 | 00003841 | ||
| 008 | 150130s2009 dr abc 000 0 spa d | ||
| 020 | _a9803664107 | ||
| 040 |
_aBPMSU _bspa _cBPMSU |
||
| 092 |
_a372.83 _bH557c 6to. 2009 |
||
| 100 | 1 | _aHernández Polanco, Juan Ricardo | |
| 245 | 1 | 0 |
_aCiencias sociales 6 / _cJuan Ricardo Hernández Polanco, Alejandro Hernández Grullón. |
| 260 |
_aSanto Domingo : _bActualidad Escolar 2000, _c2009. |
||
| 300 |
_a2v. : _bil., mapas. retrs. ; _c28 cm. |
||
| 500 | _aLa biblioteca posee v. 1. libro texto y v.2. Libro del maestro | ||
| 500 | _aEste libro ha sido realizado de acuerdo al curriculum vigente y aprobado como libro de texto por la SEE, bajo el no. 6096 de fecha 4 de julio 2006. Revisado y actualizado al 2009. | ||
| 504 | _aBibliografía : p. 154 p. | ||
| 505 | 1 |
_gUnidad 1-- _tColonización de América, África y Asia -- _gUnidad 2 -- _tColonización de la Hispaniola -- _gUnidad 3 -- _tLas revoluciones burguesas -- _gUnidad 4 -- _tEl movimiento antiesclavista en América -- _gUnidad 5 -- _tLa independencia de las colonias americanas. |
|
| 650 | 4 |
_aCIENCIAS SOCIALES _xEDUCACIÓN PRIMARIA |
|
| 650 | 4 |
_aCIENCIAS SOCIALES _xENSEÑANZA BÁSICA |
|
| 650 | 4 |
_aCIENCIAS SOCIALES _xESTUDIOS Y EJERCICIOS |
|
| 650 | 4 |
_aCIENCIAS SOCIALES _xLIBROS DE TEXTOS |
|
| 650 | 4 |
_aCIENCIAS SOCIALES _xENSEÑANZA PRIMARIA |
|
| 700 | 1 | 2 | _aHernández Grullón, Alejandro |
| 910 | _aValidado. Control de calidad MFF | ||
| 930 | 1 |
_lBND01 _mLF1 _820110113 _f04 _pHD |
|
| 942 |
_2ddc _cBK |
||
| 956 |
_aLOPEREZ _b10 _c20160408 _lBPMSU _h0041 |
||
| 999 |
_c9659 _d9659 |
||